000 00473nam a2200181Ia 4500
005 20250508160913.0
008 008 250505s9999 xx 000 0 eng d
037 _aTextual
040 _aFEDL
_beng
_cFEDL
041 _aeng
_2eng
084 _a500, KOT
_qFEDL
100 _aKothari D S
245 0 _aScience and man
260 _aNew Delhi, India
_bIndiana Publications
_c1974
300 _a44p.
942 _cTEXL
_h500, KOT
999 _c1367307
_d1367307